00486nam a22001697i 450000500170000000800410001702000230005804000250008108200170010624500260012326400400014930000400018933600210022933700250025033800230027565000180029820190512161744.0190512s2017 ii a|||g |||| 00| 1 tam d cRM27.00qpaperback aPPAKbengcPPAKerda04223a894.811300aThoregai Vasanthangal 1aChennai, India :bArivalayam,c2017 a188 pages :billustrations ;c18 cm 2rdacontentatext 2rdamediaaunmediated 2rdacarrieravolume10aTamil fiction